|
|
|
|
| LEADER |
00000nam a22000007a 4500 |
| 005 |
20201019233819.0 |
| 007 |
cr|||| ||| |
| 008 |
201019s2020 es |||||s|||| 00||0 spa d |
| 020 |
|
|
|a 978-84-1324-705-2
|
| 035 |
|
|
|a 32107
|
| 040 |
|
|
|a vLex
|
| 090 |
|
|
|c 10763
|d 10763
|
| 100 |
1 |
|
|a de Hinojosa, Eduardo
|
| 245 |
1 |
0 |
|a Influencia que tuvieron en el derecho pb︢lico de su patria y singularmente en el derecho penal los fils̤ofos y tel̤ogos espaǫles anteriores a nuestro
|h [Recurso electrn̤ico] /
|c Eduardo de Hinojosa
|
| 256 |
|
|
|a Servicio en ln̕ea
|
| 260 |
|
|
|a Madrid:
|b Dykinson,
|c 2020
|
| 300 |
|
|
|a 1 recurso electrn̤ico
|
| 506 |
1 |
|
|a Disponible solo en los productos indicados
|d vLex Global
|d vLex Global (Academic Edition, excluding Law Schools)
|d vLex Global (U.S. Academic Edition, Law Schools)
|d vLex Global (U.S. Academic Edition, excluding Law Schools)
|d vLex Global (Academic Edition, Law Schools)
|
| 650 |
0 |
4 |
|a Derecho Penal
|z Espaą
|
| 650 |
0 |
4 |
|a Derecho Pb︢lico y Administrativo
|z Espaą
|
| 740 |
0 |
|
|a vLex Libros (Servicio en ln̕ea)
|
| 856 |
4 |
0 |
|u http://vlex.com/source/influencia-derecho-publico-patria-singularmente-derecho-penal-filosofos-teologos-espa-oles-anteriores-nuestro-siglo-32107
|z Acceso restringido
|
| 942 |
|
|
|c BOOK
|
| 999 |
0 |
|
|a Criminal Law
|
| 999 |
0 |
|
|a Public and Administrative Law
|